[Event "Charlotte GM-A MLK 2022"]
[Site "Charlotte"]
[Date "2022.01.14"]
[Round "2.4"]
[White "Gauri, Shankar"]
[Black "Hilby, Craig"]
[Result "1/2-1/2"]
[WhiteElo "2325"]
[BlackElo "2434"]
[Annotator "TA"]
[PlyCount "41"]
[EventDate "2022.01.13"]
[EventType "tourn"]
[EventCountry "USA"]
[SourceTitle "playchess.com"]
[Source "ChessBase"]
[SourceQuality "1"]

{[%evp 19,28,15,31,4,8,1,21,25,34,28,29]} 1. e4 e5 2. Nf3 Nc6 3. Nc3 Nf6 4. d4 exd4 5. Nxd4 Bb4 6. Nxc6 bxc6 7. Bd3 d5 8. exd5 Qe7+ 9. Qe2 Qxe2+ 10. Kxe2 cxd5 11. a3 {C47: Scotch Four Knights and Four Knights with 4 g3.} Bxc3 12. bxc3 O-O (12... c5 $5 {[%cal Rc5c4]} 13. c4 Ba6 $11) 13. Be3 Re8 14. Kd2 Ne4+ {[#] Not much happened in this game.  Weighted Error Value: White=0.08 (flawless) /Black=0.13 (very precise)} {Predecessor:} 15. Bxe4 $146 Rxe4 16. Rab1 a6 17. Rb4 Bd7 18. Rhb1 Rxb4 19. Rxb4 Bb5 20. Bf4 c5 21. Rb1 {½-½ (31) Mamedov,R (2684)-Mamedyarov,S (2762) Novi Sad 2016} 1/2-1/2

[Event "Charlotte GM-A MLK 2022"]
[Site "Charlotte"]
[Date "2022.01.14"]
[Round "2.5"]
[White "Stremavicius, Titas"]
[Black "Talukdar, Rohan"]
[Result "1/2-1/2"]
[WhiteElo "2506"]
[BlackElo "2329"]
[Annotator "TA"]
[PlyCount "88"]
[EventDate "2022.01.13"]
[EventType "tourn"]
[EventCountry "USA"]
[SourceTitle "playchess.com"]
[Source "ChessBase"]
[SourceQuality "1"]

{[%evp 9,88,8,14,0,0,0,0,0,0,0,23,20,19,19,32,30,20,22,22,37,22,24,26,23,29,3,32,29,24,23,31,14,20,22,22,5,12,10,8,0,0,0,0,0,11,0,0,0,0,0,0,0,0,0,0,0,0,0,0,0,0,0,0,0,0,0,0,0,0,0,0,0,0,0,0,0,0,0,0,0,0]} 1. c4 c5 2. Nf3 Nc6 3. e3 e5 4. Nc3 Nf6 5. d4 e4 6. d5 {A34: Symmetrical English: 2 Nc3, lines with ...d5.} exf3 7. dxc6 dxc6 8. Qxd8+ Kxd8 9. gxf3 g6 $1 {[%mdl 4] is more profitable than 9...Kc7 at the moment.} 10. b3 Bg7 {[%cal Of6d5]} 11. Bb2 Ke7 12. Ne4 b6 {[#]} 13. O-O-O $146 ({Predecessor:} 13. Bg2 Bf5 14. Nxf6 Bxf6 15. Bxf6+ Kxf6 16. f4 Rac8 17. Ke2 Ke7 18. h4 b5 19. Rac1 {0-1 (41) Ladva,O (2423)-Belov,V (2614) Berlin 2015}) 13... Bf5 14. Ng3 Be6 15. h4 (15. Be2 {with more complications.} h5 16. h4 Rhd8 17. Kc2 Ne8 18. Bxg7 Nxg7 19. Kc3) 15... Rhd8 16. Rxd8 Rxd8 17. h5 Ne8 {[#] And now ...Bxb2+ would win.} 18. Bxg7 Nxg7 19. hxg6 hxg6 20. f4 Nf5 {The position is equal.} 21. Ne4 Nd6 22. Nc3 a6 23. Bg2 b5 24. cxb5 cxb5 25. Nd5+ Bxd5 26. Bxd5 $11 {[%mdl 4096] Endgame KRB-KRN} Ne8 27. Rd1 Nc7 28. Bb7 Rxd1+ 29. Kxd1 {KB-KN} Kd6 30. Kd2 a5 31. Kd3 Nd5 32. Bxd5 Kxd5 {KP-KP} 33. e4+ Kc6 34. Kc3 Kb6 35. Kd3 $1 Kc7 36. Kc2 Kb7 37. Kd2 Ka6 38. Kc3 Ka7 39. Kc2 Kb7 40. Kd2 Kc7 41. Kc2 Kb6 {[#] White must now prevent ...b4.} 42. Kd3 Ka6 43. Kc3 Ka7 44. Kc2 Kb7 {A balanced but interesting game.  Weighted Error Value: White=0.03 (flawless) /Black=0.03 (flawless)} 1/2-1/2

[Event "Charlotte GM-A MLK 2022"]
[Site "Charlotte"]
[Date "2022.01.15"]
[Round "3.1"]
[White "Talukdar, Rohan"]
[Black "Stearman, Josiah"]
[Result "0-1"]
[WhiteElo "2329"]
[BlackElo "2406"]
[Annotator "TA"]
[PlyCount "102"]
[EventDate "2022.01.13"]
[EventType "tourn"]
[EventCountry "USA"]
[SourceTitle "playchess.com"]
[Source "ChessBase"]
[SourceQuality "1"]

{[%evp 9,102,18,12,8,9,12,16,23,20,10,31,18,32,30,23,0,32,27,24,12,26,15,32,4,16,0,15,24,14,0,0,0,0,0,0,0,0,0,0,0,0,0,0,0,0,0,0,0,0,0,0,0,0,-12,0,-16,-15,-28,0,0,0,0,0,0,0,0,0,0,0,0,0,0,0,0,0,0,2,0,0,0,0,0,0,0,0,0,0,-12845,-12846,-12846,-12847,-12847,-12847,-12850,-12850]} 1. e4 e5 2. Nf3 Nc6 3. Bb5 Nf6 4. d3 Bc5 5. c3 O-O 6. O-O {C65: Ruy Lopez: Berlin Defence (3...Nf6), unusual lines and 4 0-0 Bc5.} d5 7. exd5 Qxd5 {[%cal Oc5f2]} 8. Bc4 {The position is equal.} Qd8 9. b4 Bd6 10. Nbd2 h6 11. Re1 Re8 12. Ne4 Be6 {[#]} 13. Bxe6 $146 ({Predecessor:} 13. Bb3 Bxb3 14. Qxb3 Nxe4 15. dxe4 Qf6 16. Be3 b6 17. Rad1 {½-½ (18) Duarte,E (1754)-Da Silva,R Macae 2015}) 13... Rxe6 14. a4 $1 a5 15. b5 Nb8 16. Nfd2 Nbd7 17. Qf3 Nc5 18. Nxc5 Bxc5 19. Nb3 ({Avoid the trap} 19. Qxb7 $2 e4 20. Nb3 (20. Nxe4 $2 Nxe4 21. Rxe4 Ra7 $19) (20. dxe4 $2 Ra7 $19) 20... Ra7 $1 21. Nxc5 Rxb7 22. Nxb7 Qd5 23. Nxa5 exd3 $19) 19... e4 20. dxe4 Nxe4 21. Nxc5 Nxc5 {[%cal Re6e1]} 22. Rxe6 Nxe6 23. Be3 b6 24. Rd1 Qf8 25. g3 Rd8 26. Rxd8 Qxd8 27. Qe4 Qd1+ 28. Kg2 Qb3 29. Qa8+ Kh7 30. Qe4+ g6 31. Qh4 h5 32. Qf6 Kg8 33. Bd4 {[%csl Gd4][%cal Rf6h8]} Qd5+ (33... Kf8 {keeps more tension.} 34. Qh8+ Ke7 35. Bf6+ Kd6 36. Qe8 Qd5+) 34. Qf3 Qxf3+ 35. Kxf3 $11 {[%mdl 4096] Endgame Hoping for Ke3. KB-KN} f5 $1 36. Ke3 Kf7 37. c4 {[%cal Oc4c5]} Ke7 38. h4 {[%cal Oc4c5]} Kd6 {Inhibits c5+.} 39. Kd3 g5 40. hxg5 Nxg5 41. c5+ bxc5 42. Be3 Ne4 43. Kc4 {Strongly threatening f3.} Kd7 44. Bxc5 f4 45. b6 {And now b7 would win.} ({Don't blunder} 45. gxf4 $2 Nxc5 46. Kxc5 h4 $19) 45... cxb6 46. Bxb6 Kc6 47. Bxa5 Nxf2 48. gxf4 {[%mdl 8192]} (48. Kd4 $11) 48... h4 $19 {[%cal Bh5h4,Bh4h3][%mdl 32] Black is clearly winning.} 49. f5 h3 50. f6 {[#]} Ne4 $1 51. f7 Nd6+ {Weighted Error Value: White=0.15 (very precise) /Black=0.04 (flawless)} 0-1

[Event "Charlotte GM-A MLK 2022"]
[Site "Charlotte"]
[Date "2022.01.15"]
[Round "3.2"]
[White "Hilby, Craig"]
[Black "Stremavicius, Titas"]
[Result "1/2-1/2"]
[WhiteElo "2434"]
[BlackElo "2506"]
[Annotator "TA"]
[PlyCount "32"]
[EventDate "2022.01.13"]
[EventType "tourn"]
[EventCountry "USA"]
[SourceTitle "playchess.com"]
[Source "ChessBase"]
[SourceQuality "1"]

{[%evp 14,31,31,37,33,32,42,21,30,33,45,20,19,30,30,14,33,17,10,4]} 1. e4 c5 2. Nf3 {[%cal Bg1f3,Bf3d4,Bd4b5,Bb5a3,Ba3c4,Bc4e3,Be3d5][%mdl 32]} Nc6 3. d4 cxd4 4. Nxd4 e5 5. Nb5 d6 6. N1c3 a6 7. Na3 Be7 8. Nc4 b5 {B32: Sicilian: Löwenthal and Kalashnikov Variations.} 9. Ne3 ({Don't play} 9. Qd5 Bb7 10. Ne3 Nf6 $11) 9... Nf6 10. Bd3 O-O 11. O-O Rb8 12. Ncd5 Nxd5 13. Nxd5 Bg5 14. c3 Bxc1 15. Rxc1 Be6 16. Bc2 {[#]  Weighted Error Value: White=0.06 (flawless) /Black=0.03 (flawless)} {Predecessor:} Ne7 $146 1/2-1/2

[Event "Charlotte GM-A MLK 2022"]
[Site "Charlotte"]
[Date "2022.01.15"]
[Round "3.3"]
[White "Vazquez, Guillermo"]
[Black "Gauri, Shankar"]
[Result "1-0"]
[WhiteElo "2532"]
[BlackElo "2325"]
[Annotator "TA"]
[PlyCount "72"]
[EventDate "2022.01.13"]
[EventType "tourn"]
[EventCountry "USA"]
[SourceTitle "playchess.com"]
[Source "ChessBase"]
[SourceQuality "1"]

{[%evp 14,72,41,31,35,27,27,26,29,22,21,23,33,33,11,0,0,0,0,0,0,0,193,183,181,186,320,304,460,442,580,563,518,560,558,555,755,751,765,624,620,628,600,624,601,579,666,575,653,655,662,612,775,729,947,943,935,926,892,812,927]} 1. e4 e5 2. Nf3 Nc6 3. Bc4 Nf6 4. Ng5 d5 5. exd5 Na5 6. Bb5+ c6 7. dxc6 bxc6 8. Bd3 Nd5 {C58: Two Knights: 4 Ng5 d5 5 exd5 Na5 sidelines.} 9. Nf3 (9. Qh5 g6 10. Nxf7 gxh5 $17) 9... Bd6 10. O-O O-O {White has an edge.} 11. Re1 f5 {Hoping for ...e4. is the new trend.} 12. Nxe5 {Strongly threatening Bf1.} Qf6 $1 (12... Qh4 13. Bf1 $18) 13. Nf3 g5 $1 14. c4 {[%cal Bc2c4,Bc4c5][%mdl 32]} Nf4 15. Bf1 {d4 is the strong threat.} g4 16. d4 {Threatens to win with Ne5.} gxf3 17. Qxf3 Ng6 {White leaves nothing to chance now.} (17... Qxd4 18. Rd1 Nh3+ 19. gxh3 $16) (17... Ne6 $1 $11) 18. c5 $36 {[%mdl 3072] White has strong compensation. White has strong initiative.} Bc7 {[#]} 19. b4 $1 Nb7 {[#]} (19... Qxd4 {was necessary.} 20. bxa5 Rb8) 20. Qb3+ $146 ({Predecessor:} 20. Bc4+ Kg7 21. Bb2 h6 22. Nd2 Bd7 23. Rab1 Kh7 24. d5 Be5 25. Rxe5 Nxe5 26. Bxe5 Qxe5 27. dxc6 Nxc5 28. bxc5 {1-0 (37) Melkumyan,H (2663)-Selbes,T (2235) Chess.com INT 2020}) 20... Kg7 (20... Rf7 $142 21. Bc4 Bd7) 21. Bb2 {White is clearly winning.} ({Stronger than} 21. Qh3 f4 22. Qa3 Bd7 $11) 21... f4 22. d5 Be5 {[#]} 23. Rxe5 {[%mdl 512]} Nxe5 24. Nd2 {[%cal Bb1d2,Bd2f3,Bf3e5][%mdl 32]} ({Less strong is} 24. dxc6 Nd8 25. Nd2 Bf5 $18) 24... Bf5 {[%cal Ob7c5]} 25. Re1 Rae8 26. Rxe5 Rxe5 27. Nf3 {[%mdl 64] Pin} Rxd5 28. Bxf6+ Rxf6 29. Bc4 Rd7 30. h3 Nd8 31. Ne5 Re7 32. Qc3 h5 33. a4 Be4 34. Qd4 {[%csl LRd8,LRe4]} Bd5 35. Bxd5 cxd5 36. c6 f3 {Weighted Error Value: White=0.08 (flawless) /Black=0.39} 1-0

[Event "Charlotte GM-A MLK 2022"]
[Site "Charlotte"]
[Date "2022.01.15"]
[Round "3.4"]
[White "Vivekananthan, Anish"]
[Black "Zhou, Jianchao"]
[Result "1/2-1/2"]
[WhiteElo "2319"]
[BlackElo "2617"]
[Annotator "TA"]
[PlyCount "47"]
[EventDate "2022.01.13"]
[EventType "tourn"]
[EventCountry "USA"]
[SourceTitle "playchess.com"]
[Source "ChessBase"]
[SourceQuality "1"]

{[%evp 12,47,23,20,36,34,38,27,48,-2,0,0,0,-29,0,0,0,0,0,0,17,18,22,22,15,18,26,0,0,0,7,0,0,0,0,0,0,0]} 1. d4 Nf6 2. Nf3 g6 3. Nbd2 d5 4. b4 Bg7 5. e3 O-O 6. Bb2 c6 7. c4 Bf5 {A48: 1 d4 Nf6 2 Nf3 g6: Torre, London and Colle Systems.} 8. a4 a5 9. b5 cxb5 {White has an edge.} 10. cxb5 (10. axb5 $14 dxc4 11. Nxc4) 10... Nbd7 $11 {[%cal Bb8d7,Bd7b6,Bb6c4][%mdl 32] [#]} 11. Be2 $146 ({Predecessor:} 11. Nb3 b6 12. Bd3 Ne4 13. O-O Rc8 14. Rc1 Rxc1 15. Qxc1 Qc8 16. Be2 Nd6 17. Ba3 {½-½ (34) Gordeeva,V (1593)-Bartholdus,D (1423) Kranenburg 2009}) 11... Rc8 12. Qb3 Bc2 13. Qa2 Nb6 14. Nb3 Nc4 15. O-O Ne4 16. Rfc1 $1 Bxb3 17. Qxb3 Nxb2 18. Qxb2 Qb6 19. Rxc8 Rxc8 {The position is equal.} 20. Rc1 Rc7 21. g3 e6 22. Nd2 Rxc1+ 23. Qxc1 Nxd2 24. Qxd2 {Weighted Error Value: White=0.08 (flawless) /Black=0.07 (flawless)} 1/2-1/2

[Event "Charlotte GM-A MLK 2022"]
[Site "Charlotte"]
[Date "2022.01.15"]
[Round "3.5"]
[White "Posthuma, Joshua"]
[Black "Mishra, Abhimanyu"]
[Result "1/2-1/2"]
[WhiteElo "2359"]
[BlackElo "2510"]
[Annotator "TA"]
[PlyCount "102"]
[EventDate "2022.01.13"]
[EventType "tourn"]
[EventCountry "USA"]
[SourceTitle "playchess.com"]
[Source "ChessBase"]
[SourceQuality "1"]

{[%evp 21,102,0,0,0,0,0,0,0,0,-5,0,0,0,0,0,0,0,0,0,-8,-8,-8,0,0,0,-8,-8,-8,0,-12,-8,-8,-8,-14,-6,-20,-20,-29,-37,-37,-37,-37,-37,-37,-37,-67,-44,-61,-44,-98,-98,-98,-98,-98,-98,-98,-98,-98,-98,-98,-98,-98,-98,-98,-98,-98,-98,-98,-98,-98,-85,-92,-85,-85,-85,-85,-70,-85,-70,-70,-70,-85,0]} 1. d4 d5 2. c4 c6 3. Nf3 Nf6 4. e3 e6 5. Nbd2 Be7 6. Bd3 O-O 7. O-O Nbd7 8. e4 dxe4 9. Nxe4 c5 10. Nxc5 {10.Nxc5 was played by the boomers.} Nxc5 11. dxc5 Bxc5 12. Bg5 {D46: Semi-Slav: 5 e3 Nbd7 6 Bd3, Black avoids the Meran.} h6 13. Bh4 b6 14. Qe2 {Be4 is the strong threat. The position is equal.} Bb7 {To avoid Be4} 15. Rad1 {[%cal Od3h7] [#]} Bxf3 $146 ({Predecessor:} 15... Qc7 16. Ne5 Rfd8 17. Kh1 Rd4 18. Bg3 Be4 19. Bxe4 Rxe4 20. Qf3 Rd8 21. Nd7 Qxd7 22. Rxd7 Rxd7 {1-0 (59) Gelashvili,T (2605)-Bagaturov,G (2447) Antakya 2010}) 16. Qxf3 {aiming for Be4.} Qe7 $1 17. Bxf6 Qxf6 18. Qxf6 gxf6 19. Be2 Rad8 20. Rxd8 Rxd8 21. Rd1 {Prevents Rd2.} Rxd1+ 22. Bxd1 $11 {[%mdl 4096] Endgame KB-KB} f5 23. Kf1 Bd4 24. b3 Kg7 25. Bh5 e5 {[%cal Be6e5,Be5e4][%mdl 32]} 26. Ke2 Kf6 27. h3 a5 28. Kf3 e4+ 29. Ke2 f4 30. Kf1 Ke6 31. Ke2 f6 32. Bg6 Ke5 33. f3 f5 (33... e3 $5 {[%cal Rd4b2]}) 34. Bh7 Bc5 35. a4 {[#]} (35. Kd1 $15) 35... Kd4 $1 $17 36. Bxf5 {[#]} e3 37. Bd7 Kc3 38. Bb5 Kxb3 39. Kd3 Kb2 40. Ba6 Kc1 {( -> ...Kd1)} 41. Ke2 Kc2 42. Bb5 Kc3 43. Ba6 Bb4 44. Bb5 Kd4 45. Ba6 Ke5 46. Bb5 Kf6 47. Kf1 Kg5 48. Bd7 Kh4 49. Bb5 Kg3 50. Bd7 Bc5 51. Bb5 Bb4 {Weighted Error Value: White=0.05 (flawless) /Black=0.03 (flawless)} (51... Kh4 $17) 1/2-1/2

[Event "Charlotte GM-A MLK 2022"]
[Site "Charlotte"]
[Date "2022.01.15"]
[Round "4.1"]
[White "Stearman, Josiah"]
[Black "Mishra, Abhimanyu"]
[Result "1/2-1/2"]
[WhiteElo "2406"]
[BlackElo "2510"]
[Annotator "TA"]
[PlyCount "124"]
[EventDate "2022.01.13"]
[EventType "tourn"]
[EventCountry "USA"]
[SourceTitle "playchess.com"]
[Source "ChessBase"]
[SourceQuality "1"]

{[%evp 16,124,19,16,42,40,38,37,23,24,26,30,17,16,36,25,37,19,16,0,14,-19,-16,-18,-18,-11,-11,-12,-13,-17,-3,-23,-23,-144,-125,-127,-124,-140,-137,-127,-131,-136,-127,-112,-82,-131,-135,-136,-127,-161,-99,-109,-34,-50,-20,-17,-17,-19,-15,-34,0,0,0,0,0,0,0,0,0,0,0,0,0,0,0,0,0,0,0,0,0,0,0,0,0,0,0,0,0,0,0,0,0,0,0,0,0,0,0,0,0,0,0,0,0,0,0,0,0,0,0]} 1. c4 c6 2. d4 d5 3. Nf3 Nf6 4. Nc3 e6 5. Bg5 Nbd7 6. e3 Qa5 7. cxd5 Nxd5 8. Qd2 {8.Rc1 injects fresh life into this line.} Bb4 9. Rc1 Nxc3 {D52: Queen's Gambit Declined: Cambridge Springs Variation.} 10. bxc3 Ba3 11. Rb1 b6 {White is slightly better.} 12. Bd3 Ba6 13. O-O Bxd3 14. Qxd3 O-O 15. c4 {[%cal Oc4c5]} h6 16. Bh4 Bd6 {[#]} 17. c5 $146 ({Predecessor:} 17. Qc2 Qh5 18. Rfd1 Rac8 19. c5 Bb8 20. cxb6 axb6 21. e4 Rfe8 22. Qa4 b5 23. Qa6 {½-½ (47) Indjic,A (2620)-Dreev,A (2670) St Petersburg 2018}) 17... Bc7 (17... bxc5 $2 18. dxc5 Qxc5 19. Rfd1 $18) 18. cxb6 axb6 19. Rfc1 Rfc8 20. Rc2 Bd6 21. Nd2 Bf8 22. Bg3 Qa6 23. Nc4 c5 {White must now prevent ...b5.} 24. d5 (24. Rcb2 $11) 24... exd5 $17 25. Qxd5 Nf6 26. Qf5 b5 27. Ne5 g6 28. Qf3 Bg7 29. h3 c4 30. e4 (30. Bh4 $142) 30... Qa4 31. Rbc1 {[%cal Oe5f7]} Qa3 32. Rb1 Rc5 (32... Qc5 $1 $19 33. Rcb2 Qd4) 33. Ng4 {[#]} Qxf3 (33... Qa4 $1 $17 {[%cal Ra4c2]} 34. Nxf6+ Bxf6) 34. gxf3 $15 Rd8 35. Bf4 $1 Nxg4 36. hxg4 Rd3 37. Kg2 g5 38. Be3 {The position is equal.} Bd4 39. Bxd4 Rxd4 $11 {[%mdl 4096] Endgame KRR-KRR} 40. Rb4 Rd3 41. a4 bxa4 {aiming for ...a3.} 42. Rcxc4 Rxc4 43. Rxc4 {KR-KR} a3 44. Ra4 f6 45. Ra7 Kf8 46. Kg3 Ke8 {Strongly threatening ...Kd8.} 47. Ra6 Ke7 48. Kg2 Rc3 49. Kg3 Rb3 50. Kg2 Rd3 51. Kg3 $1 Rc3 52. Kg2 Rd3 53. Kg3 $1 Kf7 54. Kg2 Rc3 55. Kg3 Rb3 56. Kg2 Rd3 57. Kg3 Rc3 58. Kg2 Rd3 59. Kg3 $1 Ke7 60. Kg2 Rc3 61. Kg3 Rd3 62. Kg2 Rc3 {Weighted Error Value: White=0.10 (very precise) /Black=0.06 (flawless)} 1/2-1/2

[Event "Charlotte GM-A MLK 2022"]
[Site "Charlotte"]
[Date "2022.01.15"]
[Round "4.2"]
[White "Zhou, Jianchao"]
[Black "Posthuma, Joshua"]
[Result "1-0"]
[WhiteElo "2617"]
[BlackElo "2359"]
[Annotator "TA"]
[PlyCount "69"]
[EventDate "2022.01.13"]
[EventType "tourn"]
[EventCountry "USA"]
[SourceTitle "playchess.com"]
[Source "ChessBase"]
[SourceQuality "1"]

{[%evp 10,69,8,7,4,4,8,6,0,0,20,12,20,16,37,16,28,-26,39,43,34,-4,-10,-2,-5,1,0,0,0,0,57,56,57,59,58,37,46,47,72,56,75,86,97,91,95,100,133,124,135,121,232,178,200,152,151,152,230,231,293,293,419,400]} 1. d4 Nf6 2. c4 e6 3. Nf3 b6 4. a3 Bb7 5. Bf4 Be7 6. Nc3 O-O {E12: Queen's Indian: Unusual White 4th moves, 4 a3, 4 Nc3 Bb7 5 a3 and 4 Nc3 Bb7 .} 7. d5 Re8 8. g3 Nh5 {[#] The position is equal.} 9. Bd2 $146 ({Predecessor:} 9. Be3 Bf6 10. Rc1 Bxc3+ 11. Rxc3 Nf6 12. Bg5 h6 13. Bxf6 Qxf6 14. Bg2 exd5 15. cxd5 {1-0 (71) Rallabandi,P (2488)-Lemutov,I (2388) ICCF email 2020}) 9... Bf6 10. Bg2 exd5 11. cxd5 Ba6 {[#] ...Bxc3 is the strong threat.} 12. e3 $1 c5 13. dxc6 ({Better is} 13. h4) 13... Nxc6 ({Black should play} 13... dxc6 $11 14. Bf1 g6) 14. Qa4 $14 Bd3 {[%cal Ob6b5]} 15. Bf1 Bxf1 16. Kxf1 Ne5 17. Nxe5 Bxe5 18. Kg2 d5 19. Rhd1 d4 (19... Nf6 $11) 20. Bc1 {[%cal Re3d4]} d3 21. Qb5 Nf6 22. Rxd3 Qe7 23. Bd2 {[%cal Bc1d2,Bd2e1,Be1c3][%mdl 32]} Rad8 24. Rxd8 Rxd8 25. Be1 h5 26. Rd1 Rxd1 27. Nxd1 Qb7+ 28. f3 Bd6 29. Bc3 h4 (29... Qd5 $16 {keeps fighting.} 30. Qxd5 Nxd5) 30. gxh4 Be7 31. Qe5 Qd7 32. Nf2 Bf8 (32... Ne8 $16 33. Qf4 Qc7 34. Qxc7 Nxc7) 33. e4 $18 Bc5 34. Ng4 Ne8 {[#]} (34... Be7 $142 35. h5 Qe6) 35. Qxg7+ $1 {[%mdl 512] Weighted Error Value: White=0.08 (flawless) /Black=0.27 (precise)} 1-0

[Event "Charlotte GM-A MLK 2022"]
[Site "Charlotte"]
[Date "2022.01.15"]
[Round "4.3"]
[White "Gauri, Shankar"]
[Black "Vivekananthan, Anish"]
[Result "1/2-1/2"]
[WhiteElo "2325"]
[BlackElo "2319"]
[Annotator "ChessBase"]
[PlyCount "32"]
[EventDate "2022.01.13"]
[EventType "tourn"]
[EventCountry "USA"]
[SourceTitle "playchess.com"]
[Source "ChessBase"]
[SourceQuality "1"]
[TimeControl "5400+30"]

1. e4 {[%emt 0:05:02]} e5 {[%emt 0:01:57]} 2. Nf3 {[%emt 0:00:05]} Nc6 {[%emt 0:00:06]} 3. Bb5 {[%emt 0:00:03]} Nf6 {[%emt 0:00:08]} 4. d3 {[%emt 0:01:31]} Bc5 {[%emt 0:00:19]} 5. Bxc6 {[%emt 0:00:46]} dxc6 {[%emt 0:00:05]} 6. Nbd2 {[%emt 0:00:20]} Nd7 {[%emt 0:01:28]} 7. Nc4 {[%emt 0:00:33]} Qe7 {[%emt 0:02:28]} 8. O-O {[%emt 0:08:12]} a5 {[%emt 0:06:26]} 9. Be3 {[%emt 0:02:37]} f6 {[%emt 0:04:23]} 10. a4 {[%emt 0:12:04]} b6 {[%emt 0:02:21]} 11. Nfd2 {[%emt 0:07:27]} Ba6 {[%emt 0:02:24]} 12. Qe2 {[%emt 0:07:41]} O-O-O {[%emt 0:16:45]} 13. f4 {[%emt 0:20:16]} exf4 {[%emt 0:05:44]} 14. Rxf4 {[%emt 0:00:20]} Ne5 {[%emt 0:02:09]} 15. b3 {[%emt 0:04:14]} Bxc4 {[%emt 0:03:33]} 16. Nxc4 {[%emt 0:02:12]} Nxc4 {[%emt 0:00:41]} 1/2-1/2

[Event "Charlotte GM-A MLK 2022"]
[Site "Charlotte"]
[Date "2022.01.15"]
[Round "4.4"]
[White "Stremavicius, Titas"]
[Black "Vazquez, Guillermo"]
[Result "1/2-1/2"]
[WhiteElo "2506"]
[BlackElo "2532"]
[Annotator "TA"]
[PlyCount "59"]
[EventDate "2022.01.13"]
[EventType "tourn"]
[EventCountry "USA"]
[SourceTitle "playchess.com"]
[Source "ChessBase"]
[SourceQuality "1"]

{[%evp 10,59,0,-5,0,0,8,8,1,8,16,0,0,0,42,0,0,0,0,0,0,0,0,0,0,-17,0,0,0,0,0,-11,-10,-6,0,0,0,0,0,0,0,0,0,0,0,0,0,0,0,0,0,0]} 1. e4 e5 2. Bc4 Nf6 3. d3 Nc6 4. Nc3 Bc5 5. f4 d6 6. f5 Nd4 {C27: Vienna Game: 2...Nf6 3 Bc4 Nxe4.} 7. Nf3 c6 8. Nxd4 $1 exd4 9. Ne2 d5 10. exd5 {[#]} cxd5 $146 ({Predecessor:} 10... Bxf5 11. O-O Bg4 12. Bg5 b5 13. Bxf6 gxf6 14. Bb3 Qe7 15. Rf2 Qe3 16. Qf1 O-O-O 17. dxc6 Bd6 18. Kh1 Rde8 19. Nf4 Re5 20. a4 b4 {1-0 (20) Cermak,F-Gaertner CServe email 1991}) 11. Bb3 a5 (11... Bxf5 $11 12. O-O Qd7) 12. Ba4+ (12. a4 $1 $14 {was preferrable.}) 12... Bd7 $11 {The position is equal.} 13. Bxd7+ Qxd7 14. O-O O-O 15. Bg5 Qc6 16. Nf4 Rfe8 17. Nh5 Be7 18. Re1 {[%cal Oe1e7] [#] Black must now prevent Rxe7!} h6 19. Bxf6 Bxf6 20. Nxf6+ Qxf6 21. Qf3 Re5 22. Rxe5 Qxe5 {[%mdl 4096] Endgame KQR-KQR} 23. Qf2 Re8 24. a4 b6 25. Rf1 Qf6 26. Qf4 Re2 27. Rf2 $1 Re1+ 28. Rf1 Re2 29. Rf2 $1 Re1+ 30. Rf1 {An interesting draw.  Weighted Error Value: White=0.03 (flawless) /Black=0.04 (flawless)} 1/2-1/2

[Event "Charlotte GM-A MLK 2022"]
[Site "Charlotte"]
[Date "2022.01.15"]
[Round "4.5"]
[White "Talukdar, Rohan"]
[Black "Hilby, Craig"]
[Result "1-0"]
[WhiteElo "2329"]
[BlackElo "2434"]
[Annotator "TA"]
[PlyCount "73"]
[EventDate "2022.01.13"]
[EventType "tourn"]
[EventCountry "USA"]
[SourceTitle "playchess.com"]
[Source "ChessBase"]
[SourceQuality "1"]

{[%evp 16,73,52,0,3,0,12,21,17,23,50,65,69,58,61,76,75,59,61,55,75,87,76,45,131,126,133,152,182,160,154,162,176,169,229,187,199,189,233,174,159,170,170,164,276,267,217,272,372,364,403,416,482,469,662,652,623,488,456,433]} 1. e4 e5 2. Nf3 Nc6 3. Bb5 a6 4. Ba4 Nf6 5. O-O b5 6. Bb3 Bc5 7. c3 d6 8. d4 Bb6 9. Be3 (9. a4 $14) 9... O-O $11 {C78: Ruy Lopez: Archangelsk and Möller Defences.} 10. Nbd2 Bg4 11. h3 Bh5 {The position is equal.} 12. dxe5 {12.Bg5 is not played anymore.} Nxe5 13. Bxb6 {Be3 is the strong threat.} cxb6 14. g4 Bg6 15. Nd4 Nxe4 16. Bd5 {[%csl LRa8,LRe4]} Nxd2 17. Qxd2 {And now f4 would win.} Nc4 $1 18. Qc1 $36 {[%mdl 2048] White is really pushing. White is more active.} Rc8 {[#]} 19. f4 $146 {[%cal Bf2f4,Bf4f5][%mdl 32] Strongly threatening f5.} ({Predecessor:} 19. b3 Na5 20. f4 h6 21. f5 Bh7 22. Qf4 Qc7 23. b4 Nc4 24. g5 Ne5 25. gxh6 Qxc3 26. hxg7 {1-0 (34) Knoll,H (2436)-Hipfl,W (2217) ICCF email 2015}) 19... Qh4 {[#] White stays focused until the end.} (19... h6 $1 $14) 20. f5 $1 $16 Qxh3 {[#]} 21. Qf4 Qe3+ 22. Rf2 Rc5 {aiming for ...Qxf4.} 23. Bxc4 {Dancing on a razor blade.} Qxf4 24. Rxf4 bxc4 (24... Rxc4 $142 25. Raf1 (25. fxg6 hxg6 26. a3 Re8 $16) 25... Rcc8) 25. Re1 Re5 26. Kf2 Rfe8 ({Not} 26... Rxe1 27. Kxe1 h6 28. fxg6 $16) (26... h6 $142) 27. Nf3 Rxe1 28. Nxe1 Bxf5 29. Rxf5 $18 {[%mdl 4096] Endgame KRN-KR} b5 (29... Re4 {keeps fighting.} 30. Rd5 Rxg4) 30. Rd5 Re6 31. Nc2 Kf8 32. Nb4 Rh6 33. Kg3 {Inhibits Rh2.} Re6 34. Nxa6 {White is clearly winning.} b4 (34... Re3+ $142 35. Kf4 Rh3 36. Rxb5 h6 37. Rb8+ Ke7) 35. Nxb4 Re2 36. Rxd6 {Threatens to win with Rd8+.} Rxb2 37. Rc6 {Weighted Error Value: White=0.10 (very precise) /Black=0.28 (precise)} 1-0